00235nam a2200085Ia 4500008004100000082002100041100002400062245005500086300000800141210430s9999 xx 000 0 und d a891.43909 S5256C aDr. Safdar Ali Shah aColonialism English & PunjabicDr. Safdar Ali Shah a349